| 000 | 00529nam a22002057a 4500 | ||
|---|---|---|---|
| 003 | OSt | ||
| 005 | 20140310182344.0 | ||
| 008 | 130927t xxu||||| |||| 00| 0 eng d | ||
| 020 | _a9780745936031 | ||
| 050 |
_aBL 80 _b.Se465 1996 |
||
| 082 |
_aBL 80 _b.SE465 1996 |
||
| 245 |
_aWorld religions / _cDavid Self |
||
| 260 |
_aEngland : _bLion Pub. plc, _cc1996. |
||
| 300 |
_a40 p. : _billus., _c29 cm. |
||
| 500 | _aIncludes Index | ||
| 541 | _j1 | ||
| 562 | _e1 | ||
| 650 |
_aReligions _910010 |
||
| 942 |
_2lcc _cBK-GS |
||
| 999 |
_c12200 _d12200 |
||